Reforma sociálnej bytovej výstavby v Nemecku

Zabezpečenie bývania v Nemecku - stručná charakteristika situácie. Čo prinesie reforma sociálnej bytovej výstavby? Zabránenie nesprávnemu podporovaniu - príplatok k nájomnému. Fond sociálnych bytov. Výhrady a pripomienky.

Salvato in:
Dettagli Bibliografici
Autore principale: Daneková, Zdenka
Natura: Capitolo di libro
Lingua:slovacco
Soggetti:
Tags: Aggiungi Tag
Nessun Tag, puoi essere il primo ad aggiungerne!!

MARC

LEADER 00000naa a2200000 4500
001 r046536
005 20230807083811.5
041 0 |a slo 
044 |a SK 
245 1 0 |a Reforma sociálnej bytovej výstavby v Nemecku  |c Zdenka Daneková 
520 |a Zabezpečenie bývania v Nemecku - stručná charakteristika situácie. Čo prinesie reforma sociálnej bytovej výstavby? Zabránenie nesprávnemu podporovaniu - príplatok k nájomnému. Fond sociálnych bytov. Výhrady a pripomienky. 
610 2 0 |a byty 
610 2 0 |a byty sociálne 
610 2 0 |a bývanie 
610 2 0 |a reformy 
610 2 0 |a nájomné 
610 2 0 |a príplatky 
610 2 0 |a výstavba bytová 
610 2 0 |a Nemecko 
100 1 |a Daneková, Zdenka